00705cam a22002054a 450008200260000010000270002624500600005325000120011326000390012530000370016449000280020150000200022952600370024965000320028665000130031870000290033194200120036099900190037295201080039100a519bSPIcN-01, P-1451 aSpiegel, Murray R.95110aTheory and problems of statisticscMurray R. Spiegel ;  a3rd ed. aRawalpindibMarshal Printing press ai-xvii, 538 p. :bill. ;c22 cm.1 aSchaum's outline series aIncludes index. a0b1c0d519_000000000000000_SPI 0aMathematical statistics961 0aMCE93791 aLarry j. stephens939646 2ddccBK c544100d544100 00102ddc4070aMCEbMCEd2014-04-11l2m1o519 SPIpMCE-38191r2018-04-23s2018-04-23w2014-04-11yBK